000 00448nam a2200181Ia 4500
001 12960
005 20260306163019.0
008 260306t2014||||xx |||||||||||||| ||spa||
041 _aESP
082 _aRD 468.003
_bG14
100 _aGalende Díaz, Juan Carlos
_eAUT
245 0 _aDiccionario de abreviaturas en español
260 _c2014
300 _a366 páginas :
_c23 cm.
650 _aGEN
654 _aCHU
942 _cDIC
_dJUS
_fJUS
_2ddc
_n
999 _c12960
_d12960